MARC

LEADER 00000nam0a2200000 4500
001 90041
005 20231031103314.0
020 |a RU  |b 87-67666 
035 |a (RuTPU)RU\TPU\book\96576 
090 |a 90041 
100 |a 20060203d1987 m y0rusy5003 ca 
101 1 |a rus  |c eng 
102 |a RU 
105 |a y z 001zy 
200 1 |a Построение экспертных систем  |e пер. с англ.  |f под ред. Ф. Хейес-Рота; Д. Уотермана; Д. Лената 
210 |a Москва  |c Мир  |d 1987 
215 |a 441 с.  |c ил. 
320 |a Библиогр.: с. 415-428. 
320 |a Предметный указатель: с. 435-438. 
320 |a Словарь: с. 429-434 
610 1 |a искусственный интеллект 
610 1 |a экспертные оценки 
610 1 |a принятие решений 
610 1 |a экспертные системы 
610 1 |a архитектура 
610 1 |a рассуждения 
610 1 |a языки 
675 |a 681.5  |v 3 
702 1 |a Хейес-Рот  |b Ф.  |g Фредерик  |4 340 
702 1 |a Уотерман  |b Д.  |4 340 
702 1 |a Ленат  |b Д.  |4 340 
801 0 |a RU  |b RuMRKP  |c 19950417  |g psbo 
801 1 |a RU  |b 63413507  |c 20060203  |g PSBO 
801 2 |a RU  |b 63413507  |c 20060502  |g PSBO 
942 |c BK